Welcome to the Holygrace Academy Library

Please use search bar below to get started

MATHEMATICS CLASS X (Record no. 739)

MARC details
000 -LEADER
fixed length control field 00289nam a22001217a 4500
020 ## - INTERNATIONAL STANDARD BOOK NUMBER
ISBN 978-81-89928-07-0
082 ## - DEWEY DECIMAL CLASSIFICATION NUMBER
Classification number 510
Item number SHA/M
100 ## - MAIN ENTRY--AUTHOR NAME
Personal name R.D.SHARMA
245 ## - TITLE STATEMENT
Title MATHEMATICS CLASS X
260 ## - PUBLICATION, DISTRIBUTION, ETC. (IMPRINT)
Place of publication DELHI
Name of publisher DHANPAT RAI PUBLICATIONS
Year of publication 2013
650 ## - SUBJECT ADDED ENTRY--TOPICAL TERM
Topical Term MATHS FOR CLASS X
Geographic subdivision INDIA
942 ## - ADDED ENTRY ELEMENTS (KOHA)
Koha item type Books
Holdings
Withdrawn status Lost status Collection code Home library Current library Shelving location Date acquired Source of acquisition Cost, normal purchase price Full call number Accession Number Koha item type
    Reference Main Library Main Library SHELF-8 A CLASS X- MATHS 19/05/2015 purchase 345.00 510 SHA/M 09538 Books
    Reference Main Library Main Library SHELF-8 A CLASS X- MATHS 19/05/2015 purchase 345.00 510 SHA/M 09535 Books
    Reference Main Library Main Library SHELF-8 A CLASS X- MATHS 19/05/2015 purchase 345.00 510 SHA/M 09536 Books
    Reference Main Library Main Library SHELF-8 A CLASS X- MATHS 19/05/2015 purchase 375.00 510 SHA/M 09540 Books
    Reference Main Library Main Library SHELF-8 A CLASS X- MATHS 19/05/2015 purchase 375.00 510 SHA/M 09542 Books
    Reference Main Library Main Library SHELF-8 A CLASS X- MATHS 19/05/2015 purchase 375.00 510 SHA/M 09544 Books
    Reference Main Library Main Library SHELF-8 A CLASS X- MATHS 19/05/2015 purchase 375.00 510 SHA/M 09546 Books
    Fiction Main Library Main Library SHELF-8 A CLASS X- MATHS 19/05/2015 purchase 375.00 510 SHA/M 09541 Books